=LDR 00000nam 2200000 4500 =001 INLIS000000000022755 =005 20130612121500 =008 ***********************************Ind** =035 ##$$0010-061300000022755 =041 ##$$a Ind =082 ##$$a 352 =090 ##$$a 352, Wid o =100 ##$$a Widjaja, haw =245 ##$$a Otonomi daerah dan daerah otonomi, Haw. widjaja =260 ##$$a 2004 $b Jakarta =300 ##$$a xx, 450 hlm, ilus, 21 cm =650 ##$$a otonomi daerah =850 ##$$a NBPNMAT